LDR 00884nam a2200229 i 4500 001 000000077352 003 CaOOAMICUS 005 20260515122340.0 008 010516s1986 fr u000 u fre u 013 $a48524 020 $a2-204-02435-X 040 $aSeMil$bita 100 1 $aSiegwalt, Gérard,$d<1932- >.$0(OLS)http://semarc/name/2566 245 13$aLa quête des fondements /$cGérard Siegwalt. 300 $a328 p. 773 0 $aSiegwalt, Gérard <1932- >$tFondements de la foi.$dGenève : Labor et Fides ; Paris : Les Éditions du Cerf, 1986-1987.$g1$w()3365 850 $aSeMil 852 $aSeMil$W1$xVenegono$y1$m2B II 660$j272047$B43504$CSeMilBibl$Z2$F42887 $81 961 $aAcquisto: SODIS 996 $6020$a2-204-02435-X$9(OLS)http://semarc/number/58972 996 $6245$aLa quête des fondements$9(OLS)http://semarc/title/125601